Finde die geheime Kategorie #3 - Statistiken

Allgemein
  • Dieses Quiz wurde 834 mal gespielt
  • Das Durchschnittsergebnis liegt bei 9 aus 20
Antwortstatistiken
Hint Antwort % Korrekt
Südlichstes afrikanisches Land Südafrika
96%
Europäisches Meer; grenzt u. a. an Riga, Danzig Ostsee
85%
Zahl mit drei Buchstaben Elf
75%
Hauptstadt Bulgariens Sofia
75%
Geheime Kategorie Himmelsrichtungen
66%
deutscher Fußballspieler; Timo … Werner
66%
größter See Afrikas Victoria
56%
fünftgrößte deutsche Nordseeinsel Norderney
54%
Autonomes Gebiet in Marokko Westsahara
54%
Geheime Kategorie Vornamen
53%
Ehemaliger Name des Uluru Ayers Rock
36%
Hauptstadt von Nigeria Abuja
34%
Geheime Kategorie Fabelwesen
31%
Spielmodus in Call of Duty Zombie
28%
die menschliche Psyche Geist
27%
Ehemalige Deutsche Schwimmerin; Britta … Steffen
26%
Begriff für eine Inselgruppe Archipel
24%
Größte Stadt New Mexicos Albuquerque
23%
Geheime Kategorie Antworten beginnen mit „A“
19%
90er Jahre Disney-Serie Gargoyles
3%
Keine übereinstimmenden Quizze gefunden
Verteilung der Resultate
Anzahl Personen mit jedem Resultat
Perzentil nach korrekt beantworteten Fragen
Ihre Resultats-Entwicklung
Sie haben dieses Quiz noch nicht gespielt